000 00348 a2200169 4500
001 62073
020 _a9788502079335
040 _cAnchieta - Pituba
100 _aAlencar, José de
240 1 0 _aO guarani
_lpor
245 1 0 _aO guarani
300 _a336
362 0 _a2009
440 1 _aSaraiva
650 4 _aFicção brasileira
942 _cBK
999 _c62073
_d62073